Textos universitarios : claves de lectura y producción /
Guardado en:
| Autor Principal: | |
|---|---|
| Otros Autores: | |
| Formato: | Libro |
| Publicado: |
Bahía Blanca :
Ediuns,
2013
|
| Series: | Docencia . Estudios Sociales y Humanidades
|
| Materias: | |
| Etiquetas: |
Agregar Etiqueta
Sin Etiquetas, Sea el primero en etiquetar este registro!
|
| LEADER | 01371nam a22002655a 4500 | ||
|---|---|---|---|
| 001 | CEM.cems014966 | ||
| 005 | 20181022163350.0 | ||
| 008 | 130507s2013##################000#0#####d | ||
| 003 | CEMS | ||
| 082 | 0 | 4 | |a 372.47 |
| 100 | 1 | |a Castro Fox, Guillermina | |
| 245 | 1 | 0 | |a Textos universitarios : |b claves de lectura y producción / |c Guillermina Castro Fox y Patricia Vallejos |
| 260 | |a Bahía Blanca : |b Ediuns, |c 2013 | ||
| 300 | |a 119 p. | ||
| 490 | 0 | |a Docencia . Estudios Sociales y Humanidades | |
| 505 | 0 | |a La práctica discursiva : nociones fundamentales -- Los géneros discursivos -- Los géneros del ámbito científico-académico: aspectos contextuales y socioculturales -- Los géneros del ámbito científico-académico: las estructuras discursivas -- Los géneros del ámbito científico- académico: registros complementarios -- La producción textual como proceso -- La escritura en la universidad: hoja de ruta | |
| 653 | |a Literatura | ||
| 653 | |a Práctica del discurso | ||
| 653 | |a Géneros | ||
| 653 | |a Producción de textos | ||
| 700 | 1 | |a Vallejos, Patricia | |
| 859 | |a CEMS |b BIB. CEMS - 11 de abril |h 372.47 |i C279-1 |p 27625.18 |t Ej.1 | ||
| 859 | |a CEMS |b BIB. CEMS - 11 de abril |h 372.47 |i C279-1 |p 27626.18 |t Ej.2 | ||
| 859 | |a CEMS |b BIB. CEMS - 11 de abril |h 372.47 |i C279-1 |p 27627.18 |t Ej.3 | ||
| 859 | |a CEMS |b BIB. CEMS - 11 de abril |h 372.47 |i C279-1 |p 27628.18 |t Ej.4 | ||
